00497nam a2200145 a 4500008004100000050001700041100001800058245009200076260006000168300001400228490002300242490001900265500001700284650005000301121019s2008 ||||||||||||||||| || u aPAPERS/STAFF aSiziya, Seter10aIntimate partner violence among pregnant women in Rwandacby Seter Siziya; [and others] aLusaka:bUniversity of Zambia, School of Medicinec2008 a7p.: ill. aBMC Women's Health vVol. 8, No. 17 aBibliography aGENDER BASED VIOLENCE--PREGNANT WOMEN--ZAMBIA